अविनश्वर का चुम्बन / (Record no. 197868)

MARC details
000 -LEADER
fixed length control field 00739nam a22001937a 4500
005 - DATE AND TIME OF LATEST TRANSACTION
control field 20230905172026.0
010 ## - LCCN (DPL NO)
LC control number HIN-125826
020 ## - INTERNATIONAL STANDARD BOOK NUMBER
Terms of availability 250.00
035 ## - SYSTEM CONTROL NUMBER
System control number HN-98172
037 ## - SOURCE OF ACQUISITION
Source of stock number/acquisition DBAD/PUB
082 ## - DEWEY DECIMAL CLASSIFICATION NUMBER
Classification number 821
100 ## - MAIN ENTRY--PERSONAL NAME
Personal name जैन,देवेन्द्र
245 ## - TITLE STATEMENT
Title अविनश्वर का चुम्बन /
Remainder of title देवेन्द्र जैन
260 ## - PUBLICATION, DISTRIBUTION, ETC. (IMPRINT)
Place of publication, distribution, etc मध्य प्रदेश
Name of publisher, distributor, etc आदिनाथ प्रिंटर्स
Date of publication, distribution, etc 2021
270 ## - ADDRESS
Address 355 अरिहंत विहार कालोनी
City विदिशा
Postal code 464001
300 ## - PHYSICAL DESCRIPTION
Extent 108पृ.
Dimensions 23 सेमी.(सजिल्द)
710 ## - ADDED ENTRY--CORPORATE NAME
9 (RLIN) 55954
942 ## - ADDED ENTRY ELEMENTS (KOHA)
Source of classification or shelving scheme Dewey Decimal Classification
Item type Hindi Books
Call number suffix जैनदे
Classification part 821
Holdings
Withdrawn status Lost status Not for loan Collection code Home library Current library Date acquired Source of acquisition Cost, normal purchase price Full call number Barcode Copy number Cost, replacement price Koha item type
      Non-fiction D.B.Act.Division Mobile Library 05/09/2023 DBAD/PUB 250.00 जैनदे 821 HN-98172 1 250.00 Hindi Books

© Delhi Public Library
Hit Counter
free hit counter